Almanac 1935.
محفوظ في:
مؤلف مشترك:
التنسيق: كتاب
اللغة: English
منشور في:
Cairo :
Government Press,
c1935.
الموضوعات:
الوسوم: إضافة وسم
لا توجد وسوم, كن أول من يضع وسما على هذه التسجيلة!
رقم الطلب: DT43 .A4 1935
| LEADER | 00493cam a22001937 4500 | ||
|---|---|---|---|
| 001 | ocm32209882 | ||
| 003 | OSt | ||
| 005 | 20241103094115.0 | ||
| 008 | 950327s1935 ua f 000 0 eng d | ||
| 999 | |c 55354 |d 55354 | ||
| 040 | |c ARCE Library | ||
| 050 | 4 | |a DT43 .A4 1935 | |
| 110 | 2 | |a Egyptian government. | |
| 245 | 1 | 0 | |a Almanac 1935. |
| 264 | 1 | |a Cairo : |b Government Press, |c c1935. | |
| 300 | |a xv, 531 pages : |b plates ; |c 21 cm. | ||
| 651 | 0 | |a Egypt |v Periodicals. | |
| 901 | |a reviewed | ||
| 942 | |2 lcc |c BK | ||
